Listy Ľudovíta Štúra 4. : Dodatky. /

Uložené v:
Podrobná bibliografia
Médium: Kniha
Jazyk:Slovak
Vydané: Bratislava : Národné literárne centrum-Dom slovenskej literatúry, 1999
Vydanie:1. vyd.
Edícia:Svedectvá Zv. 12.
Témy:
ISBN: 8088878470 (viaz.)
Fyzický popis: 338 s.
Tagy: Pridať tag
Žiadne tagy, Buďte prvý kto otaguje tento záznam!

MARC

LEADER 00000nam a2200000 a 4500
001 000057310
003 SVKK
005 19990929000000.0
008 990729s1999 xo e sloo
020 |a 8088878470 (viaz.) 
040 |a SVKKK  |b slo  |c SVKKK  |e AACR2 
041 0 |a slo 
044 |a xo  |c SK 
080 |a 930.25:929 Štúr, Ľ.  |2 1997 
245 0 0 |a Listy Ľudovíta Štúra 4. :  |b Dodatky. /  |c Pripravil Vladimír Matula 
250 |a 1. vyd. 
260 |a Bratislava :  |b Národné literárne centrum-Dom slovenskej literatúry,  |c 1999 
300 |a 338 s. 
440 0 |a Svedectvá  |v Zv. 12. 
504 |a Resumé nem., rus. 
653 0 |a Štúr, Ľudovít, 1815-1856  |2 SVKKKPH 
653 0 |a korešpondencia  |2 SVKKKPH 
655 7 |a monografie  |2 SVKKKPH 
700 1 |a Matula, Vladimír  |4 oth 
910 |a svkkk 
919 |a 80-88878-47-0 
974 |a UH  |d 19990922 
974 |a KL  |d 19990823 
974 |a UH  |d 19990929 
998 |a BK 
090 |g SCKHL  |k Sklad Pribinova 2. posch.  |a III.184059  |j 926760  |i 2720058995  |s Absenčne